[Event "SVK 1.liga vychod 2014/2015"]
[Site "Humenne"]
[Date "2015.02.28"]
[Round "8"]
[Board "1"]
[White "Markos, Jan"]
[Black "Konak, Jan"]
[Result "1-0"]
[WhiteElo "2590"]
[BlackElo "2132"]
[PlyCount "69"]
[EventDate "2014.10.18"]
[EventType "team"]
[EventRounds "11"]
[EventCountry "SVK"]
[WhiteTeam "Humenne Sachy Reinter"]
[BlackTeam "Kezmarok MSK CORA GEO  KdV"]

1. Nf3 d5 2. g3 c5 3. Bg2 Nc6 4. d4 e6 5. O-O Nf6 6. c4 dxc4 7. Qa4 Bd7 8. Qxc4
b5 9. Qd3 Rc8 10. dxc5 Bxc5 11. a3 b4 12. a4 h6 13. Nbd2 O-O 14. Nb3 Be7 15.
Bf4 Na5 16. Ne5 Nxb3 17. Qxb3 Qa5 18. Rfd1 Rfd8 19. Bb7 Be8 20. Bxc8 Rxc8 21.
Rac1 Rxc1 22. Rxc1 g5 23. Nc4 Qa6 24. Be5 Bxa4 25. Qd3 Bb5 26. b3 Nd5 27. e4
Nb6 28. Qd4 Nxc4 29. bxc4 Bc6 30. Ra1 Qb6 31. Rxa7 Bc5 32. Qd2 Qxa7 33. Qd8+
Bf8 34. Qf6 Kh7 35. g4 1-0

[Event "SVK 1.liga vychod 2014/2015"]
[Site "Humenne"]
[Date "2015.02.28"]
[Round "8"]
[Board "2"]
[White "Hagara, Martin"]
[Black "Petrik, Tomas"]
[Result "0-1"]
[WhiteElo "2121"]
[BlackElo "2495"]
[PlyCount "80"]
[EventDate "2014.10.18"]
[EventType "team"]
[EventRounds "11"]
[EventCountry "SVK"]
[WhiteTeam "Kezmarok MSK CORA GEO  KdV"]
[BlackTeam "Humenne Sachy Reinter"]

1. e4 e6 2. d3 d5 3. exd5 exd5 4. Nf3 Bd6 5. Be2 Ne7 6. Nbd2 Nbc6 7. b3 Ng6 8.
Bb2 Nf4 9. O-O Bg4 10. Re1 O-O 11. Bf1 Qd7 12. h3 Bh5 13. Qc1 Rae8 14. Rxe8
Rxe8 15. c4 Qf5 16. Nh4 Qg5 17. g3 Ne2+ 18. Bxe2 Bxe2 19. Ndf3 Qxc1+ 20. Rxc1
Bxd3 21. cxd5 Nb4 22. a3 Na6 23. b4 Re2 24. Bd4 f6 25. Rc3 Be4 26. Bxa7 b6 27.
Ng2 Bxd5 28. Nd4 Ra2 29. Nf5 Be5 30. Rd3 Be4 31. Rd8+ Kf7 32. Nfe3 Rxa3 33.
Rd7+ Ke6 34. Rxg7 Nxb4 35. Bb8 Na6 36. Rg8 Ra1+ 37. Kh2 Ra2 38. f4 Kf7 39. Rd8
Bd6 40. h4 Be7 0-1

[Event "SVK 1.liga vychod 2014/2015"]
[Site "Humenne"]
[Date "2015.02.28"]
[Round "8"]
[Board "3"]
[White "Mrva, Martin"]
[Black "Novotny, Adam"]
[Result "1-0"]
[WhiteElo "2417"]
[BlackElo "1864"]
[PlyCount "51"]
[EventDate "2014.10.18"]
[EventType "team"]
[EventRounds "11"]
[EventCountry "SVK"]
[WhiteTeam "Humenne Sachy Reinter"]
[BlackTeam "Kezmarok MSK CORA GEO  KdV"]

1. e4 c5 2. Nf3 d6 3. d4 cxd4 4. Nxd4 Nf6 5. Nc3 e6 6. g3 Be7 7. Bg2 O-O 8. O-O
Nc6 9. Be3 Nxd4 10. Bxd4 Bd7 11. Bxf6 Bxf6 12. Qxd6 Bxc3 13. bxc3 Ba4 14. Qb4
b5 15. c4 a5 16. Qa3 Bxc2 17. cxb5 Qb6 18. Rfc1 Rac8 19. Qb2 Ba4 20. Rab1 g6
21. Bf1 Rfd8 22. Rxc8 Rxc8 23. Rc1 Rd8 24. Qf6 Qb8 25. Qe7 Re8 26. Qa3 1-0

[Event "SVK 1.liga vychod 2014/2015"]
[Site "Humenne"]
[Date "2015.02.28"]
[Round "8"]
[Board "4"]
[White "Dujava, Jonas"]
[Black "Pcola, Pavol"]
[Result "1/2-1/2"]
[WhiteElo "1929"]
[BlackElo "2390"]
[PlyCount "99"]
[EventDate "2014.10.18"]
[EventType "team"]
[EventRounds "11"]
[EventCountry "SVK"]
[WhiteTeam "Kezmarok MSK CORA GEO  KdV"]
[BlackTeam "Humenne Sachy Reinter"]

1. e4 e6 2. d4 d5 3. Nd2 Nf6 4. e5 Nfd7 5. Bd3 c5 6. c3 b6 7. Ne2 Ba6 8. Bb1
Nc6 9. Nf3 Rc8 10. O-O Qc7 11. Re1 Bxe2 12. Qxe2 cxd4 13. cxd4 Be7 14. Bd2 b5
15. Bd3 b4 16. Rec1 Qb6 17. Rc2 O-O 18. Rac1 Rc7 19. Bb5 Ndb8 20. Qd3 Rfc8 21.
Ba4 a6 22. h3 Nd7 23. Bg5 Bxg5 24. Nxg5 Nf8 25. Nf3 h6 26. Bxc6 Rxc6 27. Ne1
Ng6 28. Qd2 Ne7 29. g4 a5 30. a3 R8c7 31. Kg2 Nc8 32. Nd3 Rxc2 33. Rxc2 Na7 34.
Nc5 Nb5 35. Qd3 Nc3 36. a4 Qc6 37. Qa6 Qxa6 38. Nxa6 Rc8 39. Nc5 Ne4 40. Kf3
Nxc5 41. Rxc5 Rxc5 42. dxc5 Kf8 43. c6 Ke8 44. Ke3 Kd8 45. Kd4 Kc7 46. Kc5 d4
47. Kxd4 Kxc6 48. h4 g6 49. f4 Kb6 50. Kc4 1/2-1/2

[Event "SVK 1.liga vychod 2014/2015"]
[Site "Humenne"]
[Date "2015.02.28"]
[Round "8"]
[Board "5"]
[White "Pinter, Erik"]
[Black "Budzak, Marcel"]
[Result "1-0"]
[WhiteElo "2354"]
[BlackElo "1883"]
[PlyCount "67"]
[EventDate "2014.10.18"]
[EventType "team"]
[EventRounds "11"]
[EventCountry "SVK"]
[WhiteTeam "Humenne Sachy Reinter"]
[BlackTeam "Kezmarok MSK CORA GEO  KdV"]

1. e4 c5 2. Nf3 Nc6 3. d4 cxd4 4. Nxd4 d6 5. Nc3 g6 6. Be3 Bg7 7. Qd2 Nf6 8. f3
a6 9. O-O-O Bd7 10. g4 b5 11. h4 h5 12. g5 Nh7 13. Nxc6 Bxc6 14. Nd5 Bxd5 15.
exd5 O-O 16. f4 Re8 17. Bh3 Nf8 18. f5 Qc7 19. Kb1 a5 20. fxg6 fxg6 21. Bd4 Nd7
22. Be6+ Kh7 23. Bf7 Bxd4 24. Bxe8 Be5 25. Bxd7 Qxd7 26. Rhf1 Kg7 27. Rf3 Qg4
28. Qf2 Qb4 29. c3 Qe4+ 30. Ka1 Kg8 31. Rf1 Bg7 32. Re3 Qxd5 33. Rxe7 Rf8 34.
Rxg7+ 1-0

[Event "SVK 1.liga vychod 2014/2015"]
[Site "Humenne"]
[Date "2015.02.28"]
[Round "8"]
[Board "6"]
[White "Hagara, Eduard"]
[Black "Harvan, Richard"]
[Result "0-1"]
[WhiteElo "1850"]
[BlackElo "2056"]
[PlyCount "52"]
[EventDate "2014.10.18"]
[EventType "team"]
[EventRounds "11"]
[EventCountry "SVK"]
[WhiteTeam "Kezmarok MSK CORA GEO  KdV"]
[BlackTeam "Humenne Sachy Reinter"]

1. f4 c5 2. Nf3 Nc6 3. e3 g6 4. b3 Bg7 5. d4 cxd4 6. exd4 Nf6 7. Be2 Ne4 8. O-O
d5 9. Bb2 O-O 10. Nbd2 Bf5 11. Ne5 Rc8 12. c3 Nxc3 13. Bxc3 Nxe5 14. fxe5 Rxc3
15. g4 Bd3 16. Rf3 Bxe2 17. Qxe2 Qc8 18. h3 Bh6 19. Rd3 Rc1+ 20. Rxc1 Qxc1+ 21.
Nf1 Rc8 22. Rd1 Qc2 23. Nd2 Rc3 24. h4 Re3 25. Qf1 Rg3+ 26. Kf2 Rd3 0-1

[Event "SVK 1.liga vychod 2014/2015"]
[Site "Michalovce"]
[Date "2015.03.01"]
[Round "9"]
[Board "1"]
[White "Konak, Jan"]
[Black "Mazur, Stefan"]
[Result "0-1"]
[WhiteElo "2132"]
[BlackElo "2400"]
[PlyCount "78"]
[EventDate "2014.10.18"]
[EventType "team"]
[EventRounds "11"]
[EventCountry "SVK"]
[WhiteTeam "Kezmarok MSK CORA GEO  KdV"]
[BlackTeam "Michalovce SK Zemplin"]

1. d4 d5 2. c4 dxc4 3. Nf3 Nf6 4. e3 Bg4 5. Bxc4 e6 6. O-O a6 7. Be2 c5 8. b3
Nc6 9. Bb2 Be7 10. dxc5 Bxc5 11. Nbd2 O-O 12. Nc4 Qe7 13. Nd4 Bxd4 14. Bxd4
Bxe2 15. Bxf6 Qxf6 16. Qxe2 b5 17. Nb6 Rad8 18. a4 Qe5 19. Qf3 Na5 20. Rab1 Qc7
21. b4 Qxb6 22. bxa5 Qxa5 23. axb5 axb5 24. Rb2 Rd5 25. g3 b4 26. Rfb1 Rb5 27.
Qe4 Rfb8 28. Qc4 g6 29. h4 h5 30. Rb3 Qb6 31. Kh2 Qb7 32. Kg1 Rc8 33. Qd4 e5
34. Qd6 Rc2 35. Qd1 Qc6 36. R3b2 b3 37. Qe1 Rxb2 38. Rxb2 Rc5 39. Rb1 b2 0-1

[Event "SVK 1.liga vychod 2014/2015"]
[Site "Michalovce"]
[Date "2015.03.01"]
[Round "9"]
[Board "2"]
[White "Nayhebaver, Martin"]
[Black "Hagara, Martin"]
[Result "1/2-1/2"]
[WhiteElo "2301"]
[BlackElo "2121"]
[PlyCount "76"]
[EventDate "2014.10.18"]
[EventType "team"]
[EventRounds "11"]
[EventCountry "SVK"]
[WhiteTeam "Michalovce SK Zemplin"]
[BlackTeam "Kezmarok MSK CORA GEO  KdV"]

1. e4 d6 2. d4 Nf6 3. Nc3 e5 4. Nf3 Nbd7 5. Bc4 Be7 6. O-O O-O 7. Re1 a6 8. a4
b6 9. b3 Bb7 10. Bb2 c6 11. Qd2 h6 12. Rad1 Re8 13. d5 cxd5 14. Nxd5 Bf8 15.
Ba3 b5 16. Bf1 Nxd5 17. exd5 Nb6 18. c4 bxc4 19. Bxc4 Rc8 20. Bd3 Bxd5 21. Bxa6
Bxb3 22. Rb1 Nc4 23. Qe2 Nxa3 24. Rxb3 Nc2 25. Rd1 Rc5 26. Bb5 Re7 27. Bd3 e4
28. Bxc2 exf3 29. Qd3 g6 30. g3 Qa5 31. Rf1 Rec7 32. Bd1 Rc3 33. Rxc3 Rxc3 34.
Qd2 Qc5 35. Re1 Kg7 36. Re3 Rxe3 37. Qxe3 Qxe3 38. fxe3 d5 1/2-1/2

[Event "SVK 1.liga vychod 2014/2015"]
[Site "Michalovce"]
[Date "2015.03.01"]
[Round "9"]
[Board "3"]
[White "Novotny, Adam"]
[Black "Bunda, Viktor"]
[Result "1/2-1/2"]
[WhiteElo "1864"]
[BlackElo "2337"]
[PlyCount "31"]
[EventDate "2014.10.18"]
[EventType "team"]
[EventRounds "11"]
[EventCountry "SVK"]
[WhiteTeam "Kezmarok MSK CORA GEO  KdV"]
[BlackTeam "Michalovce SK Zemplin"]

1. e4 c5 2. Nf3 e6 3. d4 cxd4 4. Nxd4 Nf6 5. Nc3 Nc6 6. Ndb5 d6 7. Bf4 e5 8.
Bg5 a6 9. Na3 b5 10. Bxf6 gxf6 11. Nd5 Bg7 12. c3 Ne7 13. Nc2 O-O 14. Nxe7+
Qxe7 15. Ne3 f5 16. exf5 1/2-1/2

[Event "SVK 1.liga vychod 2014/2015"]
[Site "Michalovce"]
[Date "2015.03.01"]
[Round "9"]
[Board "4"]
[White "Nayhebaver, Semen"]
[Black "Dujava, Jonas"]
[Result "1/2-1/2"]
[WhiteElo "2273"]
[BlackElo "1929"]
[PlyCount "92"]
[EventDate "2014.10.18"]
[EventType "team"]
[EventRounds "11"]
[EventCountry "SVK"]
[WhiteTeam "Michalovce SK Zemplin"]
[BlackTeam "Kezmarok MSK CORA GEO  KdV"]

1. d4 Nf6 2. Nf3 g6 3. c4 Bg7 4. Nc3 O-O 5. e4 d6 6. Be2 e5 7. O-O exd4 8. Nxd4
Re8 9. f3 c6 10. Be3 d5 11. cxd5 cxd5 12. Nb3 dxe4 13. fxe4 Qxd1 14. Rfxd1 Bg4
15. Bf3 Bd7 16. Bd4 Bc6 17. Nd5 Nxd5 18. exd5 Ba4 19. Re1 Nd7 20. Bxg7 Kxg7 21.
Na5 b6 22. Nc6 Bxc6 23. dxc6 Ne5 24. Bd5 Rac8 25. Re3 f6 26. Rc1 Red8 27. Be4
Rc7 28. Re2 Rd6 29. g3 Rd8 30. Bg2 Kf7 31. b4 b5 32. h3 Rd4 33. Rf1 Nxc6 34.
Rc1 Rc4 35. Bd5+ Kg7 36. Bxc4 Nxb4 37. a3 Nd3 38. Re7+ Rxe7 39. Bxd3 Re3 40.
Rc7+ Kh6 41. Rd7 Rxg3+ 42. Kf2 Rxh3 43. Kg2 Re3 44. Kf2 Rh3 45. Kg2 Re3 46. Kf2
Rh3 1/2-1/2

[Event "SVK 1.liga vychod 2014/2015"]
[Site "Michalovce"]
[Date "2015.03.01"]
[Round "9"]
[Board "5"]
[White "Budzak, Marcel"]
[Black "Lasanda, Michal"]
[Result "0-1"]
[WhiteElo "1883"]
[BlackElo "2165"]
[PlyCount "121"]
[EventDate "2014.10.18"]
[EventType "team"]
[EventRounds "11"]
[EventCountry "SVK"]
[WhiteTeam "Kezmarok MSK CORA GEO  KdV"]
[BlackTeam "Michalovce SK Zemplin"]

1. e4 c5 2. Nf3 Nc6 3. d4 cxd4 4. Nxd4 Nf6 5. Nc3 e5 6. Nf3 Bb4 7. Bd3 d5 8.
Nd2 Bxc3 9. bxc3 dxe4 10. Nxe4 Nxe4 11. Bxe4 Qxd1+ 12. Kxd1 Bg4+ 13. f3 Be6 14.
Be3 O-O 15. Ke2 Bc4+ 16. Bd3 Bd5 17. g4 Rac8 18. Rhd1 Rfd8 19. a4 b6 20. Ba6
Rb8 21. Bb5 Na5 22. Rd3 e4 23. fxe4 Bxe4 24. Rxd8+ Rxd8 25. Bd3 Bc6 26. c4 Bd7
27. h3 Rc8 28. Kd2 Be6 29. c5 bxc5 30. Rb1 c4 31. Be4 c3+ 32. Ke2 a6 33. Bd3 h5
34. gxh5 Nc4 35. Bf4 Re8 36. Rb8 Rxb8 37. Bxb8 Nb2 38. Bxa6 Nxa4 39. Be5 Bxh3
40. Kf3 Bf5 41. Bb5 Bxc2 42. Ke2 Bb3 43. Bxa4 c2 44. Kd2 Bxa4 45. Bf4 Kh7 46.
Be3 g6 47. hxg6+ fxg6 48. Kd3 Kg7 49. Bg5 Kf7 50. Ke4 Ke6 51. Bc1 Kf6 52. Bd2
Bd7 53. Kf4 g5+ 54. Kg3 Kf5 55. Bc1 g4 56. Kf2 Ke4 57. Kg3 Kd3 58. Kf2 Bc6 59.
Bf4 Bf3 60. Bg5 Kc3 61. Ke1 0-1

[Event "SVK 1.liga vychod 2014/2015"]
[Site "Michalovce"]
[Date "2015.03.01"]
[Round "9"]
[Board "6"]
[White "Cech, Dominik"]
[Black "Hagara, Eduard"]
[Result "0-1"]
[WhiteElo "2119"]
[BlackElo "1850"]
[PlyCount "160"]
[EventDate "2014.10.18"]
[EventType "team"]
[EventRounds "11"]
[EventCountry "SVK"]
[WhiteTeam "Michalovce SK Zemplin"]
[BlackTeam "Kezmarok MSK CORA GEO  KdV"]

1. e4 d6 2. d4 Nf6 3. Nc3 g6 4. f4 Bg7 5. Nf3 c5 6. dxc5 Qa5 7. Bd3 Qxc5 8. Qe2
Nc6 9. Be3 Qa5 10. Bd2 Nb4 11. O-O Nxd3 12. cxd3 Qd8 13. d4 O-O 14. h3 a6 15.
a4 Bd7 16. e5 Ne8 17. Rae1 e6 18. g4 d5 19. Qf2 b5 20. axb5 axb5 21. Ne2 Nc7
22. Ng3 Ra4 23. f5 exf5 24. gxf5 Re8 25. Ng5 f6 26. Nxh7 Kxh7 27. fxg6+ Kg8 28.
Nh5 f5 29. Nf4 Ne6 30. Nxd5 Ng5 31. Qg2 Ne4 32. Rxe4 fxe4 33. Nf6+ Bxf6 34.
exf6 Rf8 35. f7+ Kg7 36. Qxe4 Bxh3 37. Rf4 Qg5+ 38. Kh2 Qg2+ 39. Qxg2 Bxg2 40.
b3 Ra2 41. Bb4 Bd5+ 42. Kh3 Rh8+ 43. Rh4 Rxh4+ 44. Kxh4 Bxf7 45. gxf7 Kxf7 46.
Bc5 Rf2 47. Kg4 Rf1 48. d5 Ke8 49. Kg3 Rf5 50. b4 Rxd5 51. Kf4 Kd7 52. Ke4 Rd1
53. Bf8 Kc6 54. Bc5 Rc1 55. Kd4 Rc4+ 56. Kd3 Kd5 57. Bf8 Rh4 58. Kc3 Rh3+ 59.
Kb2 Kc4 60. Bd6 Rd3 61. Be7 Re3 62. Bd6 Re2+ 63. Ka3 Kc3 64. Bc7 Kc2 65. Ka2
Re3 66. Bd6 Rd3 67. Bc5 Rd8 68. Bb6 Ra8+ 69. Ba5 Ra6 70. Ka3 Kc3 71. Ka2 Re6
72. Ka3 Re4 73. Bd8 Kc4 74. Ba5 Re3+ 75. Ka2 Rb3 76. Ka1 Kc3 77. Ka2 Kc2 78.
Bc7 Rxb4 79. Bd6 Ra4+ 80. Ba3 b4 0-1